| 000 -CABECERA |
| Longitud fija campo de control |
00608nam a2200205 a 4500 |
| 001 - NÚMERO DE CONTROL |
| Número de control |
2001 |
| 003 - IDENTIFICADOR DEL NÚMERO DE CONTROL |
| Identificador del número de control |
CDMR |
| 005 - FECHA Y HORA DE LA ÚLTIMA TRANSACCIÓN |
| Fecha y hora de la última transacción |
20131024104506.0 |
| 008 - CÓDIGOS DE INFORMACIÓN DE LONGITUD FIJA |
| Códigos de información de longitud fija |
130130s1984||||||||||||||||||||||||||||d |
| 040 ## - FUENTE DE LA CATALOGACIÓN |
| Centro catalogador de origen |
CDMR |
| Lengua de catalogación |
cat |
| Centro transcriptor |
CDMR |
| 100 1# - PUNTO DE ACCESO PRINCIPAL-NOMBRE DE PERSONA |
| Nombre de persona |
Díaz Mancisidor, Alberto |
| 9 (RLIN) |
1494 |
| 245 13 - MENCIÓN DE TÍTULO |
| Título |
La empresa de radio en USA |
| Mención de responsabilidad, etc. |
Alberto Díaz Mancisidor |
| 260 ## - PUBLICACIÓN, DISTRIBUCIÓN, ETC. (PIE DE IMPRENTA) |
| Lugar de publicación, distribución, etc. |
Pamplona |
| Fecha de publicación, distribución, etc. |
1984 |
| Nombre del editor, distribuidor, etc. |
Universidad de Navarra |
| 300 ## - DESCRIPCIÓN FÍSICA |
| Extensión |
476 p. |
| 490 0# - MENCIÓN DE SERIE |
| Mención de serie |
Ciencias de la Información (EUNSA) |
| 650 04 - PUNTO DE ACCESO ADICIONAL DE MATERIA - TÉRMINO DE MATERIA |
| 9 (RLIN) |
2503 |
| Término de materia o nombre geográfico como elemento inicial |
Radiodifusió |
| Subdivisión geográfica |
Estats Units |
| 650 04 - PUNTO DE ACCESO ADICIONAL DE MATERIA - TÉRMINO DE MATERIA |
| 9 (RLIN) |
3092 |
| Término de materia o nombre geográfico como elemento inicial |
Indústria audiovisual |
| 650 04 - PUNTO DE ACCESO ADICIONAL DE MATERIA - TÉRMINO DE MATERIA |
| 9 (RLIN) |
2387 |
| Término de materia o nombre geográfico como elemento inicial |
Ràdio |
| Subdivisión de materia general |
Història |
| 942 ## - ENTRADA DE ELEMENTOS AGREGADOS (KOHA) |
| Koha [por defecto] tipo de item |
Monografies |
| Fuente de clasificaión o esquema |
|